000
00314nam a22001337a 4500
008
180312b xxu||||| |||| 00| 0 eng d
020
_a
9780131457270
041
_a
eng
080
_2
10 ED
_a
621
100
_a
27
101
_a
MEC
245
_a
SOLUTIONS MODERN CONTROL SYSTEMS
_c
RICHARD.C.D
942
_2
udc
_c
BK
999
_c
44716
_d
44716